000 00600nam a22001697a 4500
003 UA-OsUOA
001 11125
007 ta
008 20050223b un ||||| |||| 00| 0 ukr d
942 _cSA
040 _aUA-OsUOA
_cUA-OsUOA
_dUA-OsUOA
245 _aХочемо служити громаді
_b[Вид. "Вільного слова" набуло нового статусу - статусу громад.-політ. газ. Рівнен. обл.]
300 _aС.1
955 _a0
773 0 _w0
_tВільне слово
_dРівне
_d2005
_g№15/18 лют./
650 7 _aГазети
_2UDC
999 _c297286
_d297286